| 000 | 00466nam a2200169Ia 4500 | ||
|---|---|---|---|
| 003 | OSt | ||
| 005 | 20260309100318.0 | ||
| 008 | 211028s2011 xx 000 0 und d | ||
| 040 | _cAIMIT LIBRARY | ||
| 041 | _aeng | ||
| 100 |
_aS K Anusha; Lasrado, Suman. _g81705 _93352 |
||
| 110 |
_aRakesh Kumar K. _93353 |
||
| 245 | _aOLFO 5.1 project management suit software / | ||
| 260 |
_aBangalore _c2011 |
||
| 710 |
_aCenticero Solution Pvt Ltd _93354 |
||
| 942 |
_2ddc _cPRO |
||
| 999 |
_c217203 _d217203 |
||